LEADER 03144oam 2200661I 450 001 9910779045403321 005 20230802004801.0 010 $a1-136-62287-X 010 $a1-136-62288-8 010 $a0-203-80152-0 024 7 $a10.4324/9780203801529 035 $a(CKB)2550000000097504 035 $a(EBL)958290 035 $a(OCoLC)798532171 035 $a(SSID)ssj0000652916 035 $a(PQKBManifestationID)11940334 035 $a(PQKBTitleCode)TC0000652916 035 $a(PQKBWorkID)10659397 035 $a(PQKB)11680227 035 $a(MiAaPQ)EBC958290 035 $a(Au-PeEL)EBL958290 035 $a(CaPaEBR)ebr10542141 035 $a(CaONFJC)MIL761446 035 $a(OCoLC)785925579 035 $a(EXLCZ)992550000000097504 100 $a20180706d2012 uy 0 101 0 $aeng 135 $aur|n|---||||| 181 $ctxt 182 $cc 183 $acr 200 10$aGnostic apocalypse and Islam $eQur'an, exegesis, messianism, and the literary origins of the Babi religion /$fTodd Lawson 210 1$aAbingdon, Oxon ;$aNew York, N.Y. :$cRoutledge,$d2012. 215 $a1 online resource (239 p.) 225 0 $aIranian studies ;$v12 300 $aDescription based upon print version of record. 311 $a0-367-86466-5 311 $a0-415-49539-3 320 $aIncludes bibliographical references and index. 327 $aFront Cover; Gnostic Apocalypse and Islam; Copyright Page; Contents; Acknowledgments; Introduction: Qur'an, apocalypse, and gnosis; 1. Commentary and imitation: charismatic text, messianic exegesis; 2. Voices of the text: remembrance and gate; 3. Renewal of covenant: concidentia oppositorum and the primal point; 4. The metaleptic Joseph: the shirt, the Bees, and gnostic apocalypse; Conclusion: hermeneutic spiral; Appendix 1: manuscript of Surat al-Naul; Appendix 2: Surat al-Nahl transcription; Notes; Bibliography; General index; Index of Qur'anic verses 330 $aOf the several works on the rise and development of the Babi movement, especially those dealing with the life and work of its founder, Sayyid Ali Muhammad Shirazi, few deal directly with the compelling and complex web of mysticism, theology and philosophy found in his earliest compositions. This book examines the Islamic roots of the Babi religion, (and by extension the later Baha'i faith which developed out of it), through the Qur'anic commentaries of the Bab and sheds light on its relationship to the wider religious milieu and its profound debt to esoteric Islam, especially Shi'ism 410 0$aIranian studies (London, England) 606 $aBabism$xSacred books$xLanguage, style 606 $aMysticism$xIslam 606 $aMessiah$xIslam 606 $aRevelation$xBabism 615 0$aBabism$xSacred books$xLanguage, style. 615 0$aMysticism$xIslam. 615 0$aMessiah$xIslam. 615 0$aRevelation$xBabism. 676 $a297.9/2 700 $aLawson$b Todd.$01546229 801 0$bFlBoTFG 801 1$bFlBoTFG 906 $aBOOK 912 $a9910779045403321 996 $aGnostic apocalypse and Islam$93801655 997 $aUNINA LEADER 01141nam0 22002891i 450 001 UON00166098 005 20231205103031.206 100 $a20030117d1981 |0itac50 ba 101 $aita 102 $aIT 105 $a|||| ||||| 200 1 $aDizionario degli Etnici e dei Toponimi Italiani (DETI)$fTeresa Cappello, Carlo Tagliavini 210 $aBologna$cPatron$d1981 215 $a676 p.$d22 cm 606 $aTOPONOMASTICA$xItalia$xDizionari$3UONC033668$2FI 606 $aPOPOLI$xItalia$xOnomastica$xDizionari$3UONC033669$2FI 620 $aIT$dBologna$3UONL000085 676 $a914.538$cTOPONIMI - Italia$v21 700 1$aCAPPELLO$bTeresa$3UONV096986$07325 701 1$aTAGLIAVINI$bCarlo$3UONV007315$0330343 712 $aPātron$3UONV265630$4650 801 $aIT$bSOL$c20240220$gRICA 899 $aSIBA - SISTEMA BIBLIOTECARIO DI ATENEO$2UONSI 912 $aUON00166098 950 $aSIBA - SISTEMA BIBLIOTECARIO DI ATENEO$dSI GLOTT A 5 IV 021 $eSI MC 5410 5 021 996 $aDizionario degli etnici e dei toponimi italiani$9115333 997 $aUNIOR